000 00584nam a2200229Ia 4500
003 OSt
005 20221007071937.0
006 a|||||r|||| 00| 0
007 ta
008 221006b |||||||| |||| 00| 0 eng d
024 _a19,494
037 _cTextual
040 _aFLL
_cFLL
_beng
041 _2eng
_aeng
082 _aZ1z7, G7
100 _aManning C.A.W.
245 0 _aPeaceful change
260 _aLondon
_bMacmillian and co., limited England
_c1937
300 _a193p
_ccm.
942 _hZ1z7, G7
_cTEXL
_2CC
999 _c1144741
_d1144741